Creación de simulaciones interactivas en Java: aplicación a la enseñanza de la física
Сохранить в:
| Главный автор: | |
|---|---|
| Формат: | |
| Язык: | испанский |
| Опубликовано: |
Madrid
Pearson Educación
2005
|
| Предметы: | |
| Метки: |
Добавить метку
Нет меток, Требуется 1-ая метка записи!
|
MARC
| LEADER | 00000nam a2200000 a 4500 | ||
|---|---|---|---|
| 001 | UCG6678 | ||
| 003 | CL-VaPUC | ||
| 005 | 20230531074428.0 | ||
| 008 | 110512e20050000SP |||||||||||||||||spa|d | ||
| 999 | |c 344829 |d 344827 | ||
| 020 | |a 8420540099 | ||
| 040 | |c Pontificia Universidad Católica de Valparaíso | ||
| 082 | 0 | 4 | |a 003.3513 |b ESQ |2 21 |
| 100 | 0 | |a Esquembre Martínez, Francisco |e author |9 557007 | |
| 245 | 1 | 0 | |a Creación de simulaciones interactivas en Java: aplicación a la enseñanza de la física |
| 260 | |a Madrid |b Pearson Educación |c 2005 | ||
| 300 | |a 330 p | ||
| 500 | |a Incluye cd | ||
| 583 | |a last modification |c 20110512 00:00:00 |k Rodrigo Vera | ||
| 650 | 0 | |a Simulación por computadores |2 CL-VaPUC |9 497334 | |
| 650 | 0 | |a enseñanza de la física |9 339846 | |
| 650 | 0 | |a Java |9 370043 | |
| 650 | 0 | |a Lenguajes de programación |9 259458 | |
| 942 | |c BK |2 ddc | ||
| 945 | |d 20110512 00:00:00 |a jcampos | ||
| 952 | |0 0 |1 0 |2 ddc |4 0 |6 003_351300000000000_ESQ_2005 |7 0 |8 A |9 443108 |a BIBING |b BIBING |c RES |d 2019-11-22 |i 4775775 |l 3 |o 003.3513 ESQ 2005 |p 4775775 |r 2025-01-20 |s 2022-08-22 |w 2019-11-22 |y BK |k EIE | ||
| 952 | |0 0 |1 0 |2 ddc |4 0 |6 003_351300000000000_ESQ_2005 |7 0 |8 A |9 443109 |a BIBING |b BIBING |c RES |d 2019-11-22 |i 4775783 |l 2 |o 003.3513 ESQ 2005 |p 4775783 |r 2025-01-20 |s 2022-10-11 |w 2019-11-22 |y BK |k EIE | ||
| 952 | |0 0 |1 0 |2 ddc |4 0 |6 003_351300000000000_ESQ_2005 |7 0 |8 A |9 443110 |a BIBING |b BIBING |c RES |d 2019-11-22 |i 4775791 |o 003.3513 ESQ 2005 |p 4775791 |r 2025-01-20 |w 2019-11-22 |y BK |k EIE | ||
| 952 | |0 0 |1 0 |2 ddc |4 0 |6 003_351300000000000_ESQ_2005 |7 0 |8 A |9 443111 |a BIBING |b BIBING |c RES |d 2019-11-22 |i 4775805 |o 003.3513 ESQ 2005 |p 4775805 |r 2025-01-20 |w 2019-11-22 |y BK |k EIE | ||
| 952 | |0 0 |1 0 |2 ddc |4 0 |6 003_351300000000000_ESQ_2005 |7 0 |8 A |9 443112 |a BIBING |b BIBING |c RES |d 2019-11-22 |i 4775813 |o 003.3513 ESQ 2005 |p 4775813 |r 2025-01-20 |w 2019-11-22 |y BK |k EIE | ||
| 952 | |0 0 |1 0 |2 ddc |4 0 |6 003_351300000000000_ESQ_2005 |7 0 |8 A |9 443113 |a BIBING |b BIBING |c RES |d 2019-11-22 |i 4775821 |o 003.3513 ESQ 2005 |p 4775821 |r 2025-01-20 |w 2019-11-22 |y BK |k EIE | ||
| 952 | |0 0 |1 0 |2 ddc |4 0 |6 003_351300000000000_ESQ_2005 |7 0 |8 A |9 443114 |a BIBING |b BIBING |c RES |d 2019-11-22 |i 477583K |o 003.3513 ESQ 2005 |p 477583K |r 2025-01-20 |w 2019-11-22 |y BK |k EIE | ||
| 952 | |0 0 |1 0 |2 ddc |4 0 |6 003_351300000000000_ESQ_2005 |7 0 |8 A |9 443115 |a BIBING |b BIBING |c RES |d 2019-11-22 |i 4775848 |o 003.3513 ESQ 2005 |p 4775848 |r 2025-01-20 |w 2019-11-22 |y BK |k EIE | ||
| 952 | |0 0 |1 0 |2 ddc |4 0 |6 003_351300000000000_ESQ_2005 |7 0 |8 A |9 443116 |a BIBING |b BIBING |c RES |d 2019-11-22 |i 4775856 |o 003.3513 ESQ 2005 |p 4775856 |r 2025-01-20 |w 2019-11-22 |y BK |k EIE | ||
| 952 | |0 0 |1 0 |2 ddc |4 0 |6 003_351300000000000_ESQ_2005 |7 0 |8 A |9 443117 |a BIBING |b BIBING |c RES |d 2019-11-22 |i 4775864 |o 003.3513 ESQ 2005 |p 4775864 |r 2025-01-20 |w 2019-11-22 |y BK |k EIE | ||